Destinationsmarketing in der grenzregion Auland Carnuntum
Saved in:
| Main Author: | |
|---|---|
| Other Authors: | |
| Format: | Book Chapter |
| Language: | German |
| Tags: |
No Tags, Be the first to tag this record!
|
MARC
| LEADER | 00000naa$a2200000$$$4500 | ||
|---|---|---|---|
| 001 | 0066953 | ||
| 005 | 20240502083159.5 | ||
| 041 | 0 | |a ger | |
| 044 | |a CZ | ||
| 245 | 1 | 0 | |a Destinationsmarketing in der grenzregion Auland Carnuntum |c Ľudmila Novacká, Pavol Plesník |
| 100 | 1 | |a Novacká, Ľudmila, 1953- | |
| 700 | 1 | |a Plesník, Pavol, 1956- | |